1531 1591 1068 1225 1441 1557 1496 1662 1558 1466 1708 1693 1790 1146 1734 1115 1315 1733 1015 1000 1397 1148 1004 1134 1910 1415 1003 1828 1340 1704 1437 1340 1525 1135 1030 1997 1693 1321 1955 1260 1055 1482 1783 1854 1284 1197 1376 1472 1610 1442 1743 1067 1583 1134 1845 1402 1069 1960 1193 1976 1371 1197 1711 1649 1277 1961 1529 1456 1417 1650 1985 1161 1937 1907 1935 1607 1055 1052 1474 1086 1793 1772 1075 1434 1819 1755 1136 1857 1036 1201 1646 1277 1613 1467 1031 1839 1602 1145 1839 BCNSPRNW ULIB Ver.6.0+V

เปลี่ยนเป็นภาษาไทย

Change to English
 แสดงรายละเอียดบรรณานุกรม
  กลับหน้าหลัก

Brief Record : Get Marc (ISO 2709) : E-mail record : QR code < ปิดหน้าต่าง
LEADER : 00000nam 2200000uu 4500
001    13399123925
003     ULIB
008    141215s2556||||th 000 0 tha d
020    ^a9786160416608
090    ^aรส.^bจ111ถ
100 0  ^aจูเนียร์, โรมูโล พี. บาควิราน
245 00 ^aถึงแก่น เร่องเล่าจากโรงพยาบาล/^cจูเนียร์, โรมูโล พี. บาควิราน
260    ^aกรุงเทพฯ :^bเอโนเวล,^c2556
300    ^a160 หน้า
650  7 ^aนวนิยาย
650  7 ^aฟิลิปปินส์
700 0  ^aอดุลย์ เบญจวรรณากร,^eผู้แปล
945    ^p115^l0^i22645
945    ^p115^l0^i22646
945    ^p115^l0^i22647
999    ^aทศพร เกษรทอง
รายการนี้ยังไม่มีแท็ก
คุณยังไม่ได้ล็อกอิน คุณสามารถมีกิจกรรมร่วมกับเว็บไซต์ได้ แต่ต้องล็อกอินก่อน ::
  ล็อกอิน

รายการสื่อสารสนเทศ

ลำดับที่ ประเภท เลขเรียก/บาร์โค้ด สถานที่ สถานะ
1. นวนิยาย
นวนิยาย
รส. จ111ถ ฉ.1 
  Barcode: 22645
ห้องสมุดวิทยาเขตนครสวรรค์
►นวนิยาย:l:Fiction
บนชั้น
2. นวนิยาย
นวนิยาย
รส. จ111ถ ฉ.2 
  Barcode: 22646
ห้องสมุดวิทยาเขตนครสวรรค์
►นวนิยาย:l:Fiction
บนชั้น
3. นวนิยาย
นวนิยาย
รส. จ111ถ ฉ.3 
  Barcode: 22647
ห้องสมุดวิทยาเขตนครสวรรค์
►นวนิยาย:l:Fiction
บนชั้น

รายการใกล้เคียง
    ผู้แต่ง [จูเนียร์, โรมูโล พี. บาควิราน]

    หัวเรื่อง [นวนิยาย]
    หัวเรื่อง [ฟิลิปปินส์]

BibComment


ยังไม่เคยถูกคอมเมนท์

คอมเมนท์ทรัพยากรรายการนี้
  คอมเมนท์: ถึงแก่น เร่องเล่..


 Copyright 2026. Bcnsprnw @Library